Statistics for Minnesota Timberwolves NBA Players

Click here to take the quiz!

General Stats

  • This quiz has been taken 24 times
  • The average score is 12 of 17

Answer Stats

HintAnswer% Correct
SGAnthony Edwards
100%
PFKarl Anthony-Towns
100%
CRudy Gobert
100%
FKyle Anderson
88%
PGMike Conley
88%
SFJaden McDaniels
82%
CNaz Reid
76%
GNickeil Alexander-Walker
76%
CLuka Garza
71%
GMonte Morris
71%
GJordan Mclaughlin
65%
FJosh Minott
59%
FLeonard Miller
59%
GWendell Moore Jr
59%
GDaishen Nix
47%
FTJ. Warren
47%
FJaylen Clark
41%

Score Distribution

Percentile by Number Answered

Percent of People with Each Score

Your Score History

You have not taken this quiz